Cuentos / (Record no. 9615)

MARC details
000 -LEADER
campo de control de longitud fija 00902nam a2200277 i 4500
001 - NÚMERO DE CONTROL
campo de control 9615
003 - IDENTIFICADOR DE NÚMERO DE CONTROL
campo de control ES-MaACL
005 - FECHA Y HORA DE LA ÚLTIMA TRANSACCIÓN
campo de control 20230906145724.0
007 - CAMPO FIJO DE DESCRIPCIÓN FÍSICA--INFORMACIÓN GENERAL
campo de control de longitud fija t|
008 - DATOS DE LONGITUD FIJA--INFORMACIÓN GENERAL
campo de control de longitud fija 931112s1992 sp ||||1| spa d
020 ## - NÚMERO INTERNACIONAL ESTÁNDAR DEL LIBRO
Número Internacional Estándar del Libro 84-7658-343-5
080 ## - NÚMERO DE LA CLASIFICACIÓN DECIMAL UNIVERSAL
Número de la Clasificación Decimal Universal 86-34"19"
080 ## - NÚMERO DE LA CLASIFICACIÓN DECIMAL UNIVERSAL
Número de la Clasificación Decimal Universal 86(Ugalde,M.de 7 C.01)
100 1# - ENTRADA PRINCIPAL--NOMBRE DE PERSONA
Nombre de persona Ugalde, Martín de.
9 (RLIN) 111882
245 10 - MENCIÓN DEL TÍTULO
Título Cuentos /
Mención de responsabilidad, etc. Martín de Ugalde ; introducción de Iñaki Beti Sáez.
250 ## - MENCION DE EDICION
Mención de edición [1ª ed.].
260 ## - PUBLICACIÓN, DISTRIBUCIÓN, ETC.
Lugar de publicación, distribución, etc. Barcelona :
Nombre del editor, distribuidor, etc. Anthropos,
Fecha de publicación, distribución, etc. 1992.
300 ## - DESCRIPCIÓN FÍSICA
Extensión 2 v. ;
Dimensiones 20 cm.
490 1# - MENCIÓN DE SERIE
Mención de serie Memoria rota. Exilios y heterodoxias ;
Designación de volumen o secuencia 28-29
500 ## - NOTA GENERAL
Nota general Bibliografía.
505 8# - NOTA DE CONTENIDO CON FORMATO
Nota de contenido con formato I. De la nueva tierra y los inmigrantes-- II. De la inmensa soledad del hombre
700 0# - ENTRADA AGREGADA--NOMBRE PERSONAL
Nombre de persona Beti Sáez, Iñaki,
Término indicativo de función/relación
9 (RLIN) 178575
830 0# - PUNTO DE ACCESO ADICIONAL DE SERIE-TÍTULO UNIFORME
Título uniforme Memoria rota. Exilios y heterodoxias ;
Designación de volumen o secuencia 28-29
9 (RLIN) 177283
852 ## - LOCALIZACIÓN
Ubicación ES-MaACL
Número de control de estantería L-17038-9
Sublocalización o colección R.120434
Holdings
Estatus retirado Estado de pérdida Estado de daño No para préstamo Biblioteca de origen Biblioteca actual Ubicación en estantería Fecha de adquisición Fuente de adquisición Total de préstamos Signatura topográfica completa Código de barras Visto por última vez Precio de reemplazo Tipo de ítem Koha
        Biblioteca del Ateneo de Madrid Biblioteca del Ateneo de Madrid Depósito 2 17/01/2008     L-17038-9 1009811 23/02/2023 23/02/2023 Libro impreso